Transparency Masters Basic Financial Management

Enregistré dans:
Détails bibliographiques
Format: Livre
Langue:anglais
Publié: Englewood Cliffs Prentice-Hall 1985
Édition:3. ed.
Sujets:
Tags: Ajouter un tag
Pas de tags, Soyez le premier à ajouter un tag!

MARC

LEADER 00000nam a2200000 4500
001 c012883
005 20221220080517.7
041 0 |a eng 
044 |a US 
245 1 0 |a Transparency Masters Basic Financial Management 
250 |a 3. ed. 
264 1 |a Englewood Cliffs  |b Prentice-Hall  |c 1985 
300 |a 116 s. 
610 2 0 |a manažment finančný